00546nam a22001097a 4500040000900000082001700009100002500026245008900051260003800140300001200178505024600190 cNUST a355.0217,CHO aChossudovsky, Michel aTowards A world war III Scenario :bthe danger of nuclear war /cMichel Chossudovsky aCanadabMichel Chossudovskyc2012 a102 p.: aIntroduction (Page-10, The Dangers of Nuclear War (Page-70, America's Holy Crusade and the Battle for Oil (Page-35), Preparing for World War Three (Page-49), Targeting Iran With Nuclear Weapons (Page-59), Reversing the tide of war (Page-87).